000 00621nam a2200229Ia 4500
005 20260320200957.0
008 008 262003s9999 xx 000 0 eng d
037 _aEBOOK
040 _aCRL
040 _beng
040 _cCRL
041 _2eng
041 _aeng
084 _qCRL
245 2 _aA Century of Honors: The First One-Hundred Years of Award Winners, Honorary Members, Past Presidents, and Fellows of the Institute
260 _bIEEE
260 _c1984
856 _uhttps://ieeexplore.ieee.org/servlet/opac?bknumber=5356081
942 _cEBOOK
999 _c1718036
_d1718036